01160nam a22001577a 4500003000900000005001700009008004100026040001300067100005800080245024000138250000600378260002200384300002000406490000900426520056700435IT-RoPau20220918175937.0121219b xxu||||| |||| 00| 0 eng d cIT-RoPau aJames [Giacomo] AlberioneqFondatore Famiglia Paolina aReligious Life. Life of courageous SoulsbExtracts from Meditations and conference of. Very Rev. James Alberione, SSP., S.T.D. to the religious of his five congregation. Compiled and Translated from the Italian by Daughters of St. Paul aI aBostonbFSPc1957 a107 p.c21,5 cm aIvI a CONTENTS The Religious State Living Virtues The True Vocation Means of Santification Evangelical Poverty Heroic Chastity Total Obedience Community Life Christ's Reward to his Followers Religious Fortitude Holy Joy The Apostolical Soul Sanctification of the Mind Mary, Queen of Apostles "The Hundredfold" - Superabundance Holy Father's Prayer for Vocations Archbishop Cushing's Prayer for Vocations Chaplet to Jesus,the Divine Master Prayer for Vocations to Mary,Queen of Apostles Consecration to Mary Most Holy, Queen of Apostles